00295nam a2200133Ia 45000030006000000080041000060400015000471000028000622450028000902600006001183000006001245460014001300050017001440STCL150530s9999 xx 000 0 und d aSTCLcSTCL aOmanakunjamma Paliyathu aKiratharjuniya Vyayogam c0 a0 aMalayalam20220125170742.0